• 首页
  • 本馆介绍
  • 公告通知
  • 最新文献
  • 馆藏检索
  • 电子资源
  • 读者导购
  • 参考咨询
  • 我的图书馆
  • 登录
  • 详细信息显示
  • 放入我的书架
  • 预约/预借图书
  • 作者相关作品
  • 分类相关作品
  • 丛书相关作品
  • 出版社相关作品

书目信息

  • 表格格式
  • 工作单格式
  • 卡片格式
题名:
动物的秘闻
    
 
作者: 孙世主编
分册:  
出版信息: 北京   经济日报出版社  2002.12
页数: 291页
开本: 20cm
丛书名:
单 册:
中图分类: Q95-49
科图分类:
主题词: 动物--普及读物
电子资源:
ISBN: 7-80180-054-0
000 00453Pam2 2200181 45
001 JMS0004531
005 20070729095954.37
010    @a7-80180-054-0@dCNY17.50
100    @a20030410d2002 ekmy1chiy0120 ea
101 0  @achi
102    @aCN@b110000
200  1 @a动物的秘闻@f孙世主编
210    @a北京@c经济日报出版社@d2002.12
215    @a291页@d20cm
606 0  @a动物@x普及读物
690    @aQ95-49@v3
801  0 @bTSSF@c20070729
905    @a10447@dQ95-49@e123
    
    动物的秘闻/孙世主编.-北京:经济日报出版社,2002.12
    291页;20cm
    
    
    ISBN 7-80180-054-0:CNY17.50
    
●
相关链接 在E读中查询图书 在五车中查询图书 在当当中查询图书 在豆瓣中查询图书


正题名:动物的秘闻     索取号:Q95-49/123         预约/预借

序号 登录号 条形码 馆藏地/架位号 状态 备注
1 0783994   207839945   第二样本阅览室/ [索取号:Q95-49/123] 在馆    
唐山师范学院图书馆 欢迎您!
大连网信软件有限公司© 版权所有